000 00508nam a2200217Ia 4500
003 OSt
005 20220923211652.0
006 a|||||r|||| 00| 0
007 ta
008 Pun
024 _a42,001
037 _cTextual
040 _aARTS
_cARTS
_bPun
041 _2Pun
_aPun
082 _aO153,1xN3, L3
245 0 _aਕੋਲਾਗ਼ ਕਿਤਾਬ
260 _c1973
650 _aਪੰਜਾਬੀ ਸਾਹਿਤ
942 _hO153,1xN3, L3
_cTEXL
_2CC
999 _c302394
_d302394